000 00472nab a2200145Ia 4500
003 ES-SlBCS
005 20210601141250.0
008 140529s1998 xxu||||| |||| 00| 0 spa d
041 _aspa
100 1 _aBastos, Maria Helena Camara
_9208974
245 0 0 _aLa educaçao do caráter nacional: leituras de formaçao
_c Maria Helena Camara Bastos
650 0 4 _aDe Amicis
_9253844
773 0 _tEducaçao e Filosofia
_gvol. 12, nº. 23, 1998, págs. 31-50
_wRev1534
942 _cAR
999 _c657924
_d657924